[Event "SVK-chT4 A21 2223"]
[Site "Slovakia"]
[Date "2023.02.26"]
[Round "9.4"]
[White "Zajicek, Ferdinand"]
[Black "Sefcik, Oliver"]
[Result "1/2-1/2"]
[WhiteElo "1653"]
[BlackElo "1343"]
[PlyCount "113"]
[EventDate "2022.10.09"]
[EventType "team-tourn"]
[EventRounds "11"]
[EventCountry "SVK"]
[SourceTitle "EXT 2024"]
[Source "ChessBase"]
[SourceDate "2023.10.10"]
[SourceVersion "1"]
[SourceVersionDate "2023.10.10"]
[SourceQuality "1"]
[WhiteTeam "Petrova Ves"]
[BlackTeam "Holic II"]
[WhiteTeamCountry "SVK"]
[BlackTeamCountry "SVK"]

1. e4 d5 2. exd5 Qxd5 3. Nc3 Qa5 4. d4 c6 5. a3 Nf6 6. Bd2 Qd8 7. Be3 Bf5 8. h3 e6 9. Nf3 Be7 10. Bd3 Bg6 11. 0-0 Nbd7 12. Qd2 Qc7 13. Bf4 Bd6 14. Bxd6 Qxd6 15. Rae1 0-0 16. Ne4 Nxe4 17. Bxe4 Bxe4 18. Rxe4 Nf6 19. Rh4 Qd5 20. c3 Rfd8 21. Qe3 Rac8 22. Ng5 c5 23. dxc5 Qxc5 24. Qxc5 Rxc5 25. Nf3 Rcd5 26. Rd4 Rxd4 27. Nxd4 Kf8 28. Re1 Rd5 29. Kf1 Ke7 30. g4 h5 31. f3 hxg4 32. hxg4 Rd8 33. Kf2 Nd5 34. Kg3 a6 35. f4 Kd6 36. Rh1 f6 37. Kf3 g6 38. Rh6 Rg8 39. Rh7 e5 40. Ne2 exf4 41. Nxf4 Nxf4 42. Kxf4 Rb8 43. Rg7 g5+ 44. Kf5 b5 45. Kxf6 Rf8+ 46. Kxg5 Kc5 47. Ra7 Kb6 48. Re7 Rf2 49. Re6+ Kb7 50. Re4 Rxb2 51. a4 Rc2 52. axb5 axb5 53. Rb4 Kb6 54. Rb3 Kc5 55. Kg6 Kc4 56. Rb4+ Kc5 57. Rb3 1/2-1/2

[Event "SVK-chT3A2 2223"]
[Site "Slovakia"]
[Date "2023.02.05"]
[Round "6.7"]
[White "Svrcek, Daniel"]
[Black "Zajicek, Ferdinand"]
[Result "1/2-1/2"]
[WhiteElo "1569"]
[BlackElo "1682"]
[PlyCount "75"]
[EventDate "2022.10.16"]
[EventType "team-tourn"]
[EventRounds "9"]
[EventCountry "SVK"]
[SourceTitle "EXT 2024"]
[Source "ChessBase"]
[SourceDate "2023.10.10"]
[SourceVersion "1"]
[SourceVersionDate "2023.10.10"]
[SourceQuality "1"]
[WhiteTeam "Holic"]
[BlackTeam "Gbely Nafta"]
[WhiteTeamCountry "SVK"]
[BlackTeamCountry "SVK"]

1. e4 c5 2. c3 d5 3. exd5 Qxd5 4. Nf3 Nf6 5. Na3 Nc6 6. Bc4 Qe4+ 7. Qe2 Qxe2+ 8. Bxe2 a6 9. Nc2 Bf5 10. Ne3 Bg6 11. 0-0 e6 12. Rd1 Be7 13. d4 cxd4 14. Nxd4 Nxd4 15. cxd4 Be4 16. b3 0-0 17. Bb2 Rfd8 18. Rac1 Rac8 19. f3 Bd5 20. Bc4 b5 21. Bxd5 Rxc1 22. Rxc1 Nxd5 23. Nxd5 Rxd5 24. Rc7 Bd8 25. Rc6 a5 26. Rc5 f6 27. Rxd5 exd5 28. Bc1 Bb6 29. Be3 Kf7 30. Kf2 Ke6 31. Ke2 Bc7 32. g3 h5 33. Bf2 g5 34. Be3 Kf5 35. Kf2 g4 36. Kg2 Ke6 37. Kf2 Bb6 38. Ke2 1/2-1/2

[Event "Skalica op-B"]
[Site "Skalica"]
[Date "2022.08.25"]
[Round "6"]
[White "Brasoy, Aksel"]
[Black "Zajicek, Ferdinand"]
[Result "1-0"]
[WhiteElo "1878"]
[BlackElo "1679"]
[PlyCount "87"]
[EventDate "2022.08.20"]
[EventType "swiss"]
[EventRounds "9"]
[EventCountry "SVK"]
[SourceTitle "CBM 209 Extra"]
[Source "ChessBase"]
[SourceDate "2022.09.30"]
[SourceVersion "1"]
[SourceVersionDate "2022.09.30"]
[SourceQuality "1"]

1. d4 c5 2. d5 Nf6 3. Nc3 d6 4. e4 g6 5. h3 Bg7 6. Bf4 a6 7. a4 Qa5 8. Bd2 Nbd7 9. Nf3 Qb6 10. Bd3 Ne5 11. Nxe5 dxe5 12. 0-0 0-0 13. b3 e6 14. Bc4 exd5 15. Nxd5 Qd6 16. Qf3 Rb8 17. Bg5 Nxd5 18. Bxd5 Be6 19. Rad1 f6 20. Be3 b5 21. axb5 axb5 22. Bxe6+ Qxe6 23. Bxc5 Rfc8 24. b4 Bf8 25. Bxf8 Kxf8 26. Rd2 Rc7 27. Rfd1 Rb6 28. Rd8+ Kg7 29. Qd3 Qc4 30. Rd7+ Rxd7 31. Qxd7+ Kh6 32. Qd2+ Kg7 33. Qe3 Rb7 34. c3 Rc7 35. Rd3 Qb3 36. h4 Qc2 37. g3 Rf7 38. Kg2 Qb3 39. Rd6 Qc4 40. g4 Rc7 41. Qf3 f5 42. exf5 Qxc3 43. f6+ Kf7 44. Qd5+ 1-0

[Event "Skalica op-B"]
[Site "Skalica"]
[Date "2022.08.21"]
[Round "2"]
[White "Svacina, Tobias"]
[Black "Zajicek, Ferdinand"]
[Result "1/2-1/2"]
[WhiteElo "1856"]
[BlackElo "1679"]
[PlyCount "115"]
[EventDate "2022.08.20"]
[EventType "swiss"]
[EventRounds "9"]
[EventCountry "SVK"]
[SourceTitle "CBM 209 Extra"]
[Source "ChessBase"]
[SourceDate "2022.09.30"]
[SourceVersion "1"]
[SourceVersionDate "2022.09.30"]
[SourceQuality "1"]

1. e4 c5 2. Nf3 Nc6 3. d4 cxd4 4. Nxd4 Nxd4 5. Qxd4 d6 6. Bc4 Nf6 7. Bg5 Qa5+ 8. Bd2 Qc5 9. Qd3 Ng4 10. Bb5+ Bd7 11. Bxd7+ Kxd7 12. 0-0 Ne5 13. Qb3 b5 14. Nc3 Nc4 15. Be3 Nxe3 16. fxe3 f6 17. Rf5 Qxe3+ 18. Kh1 a6 19. a4 e6 20. Rf3 Qc5 21. axb5 Be7 22. Na4 Qa7 23. b6 Qb7 24. Rd1 Rhc8 25. c4 Rc6 26. c5 Rac8 27. cxd6 Rxd6 28. Rfd3 Rxd3 29. Qxd3+ Ke8 30. Qg3 Kf7 31. h3 Rc4 32. b3 Rc6 33. Qd3 Rd6 34. Qe2 Rxd1+ 35. Qxd1 Qxe4 36. Qf3 Qxf3 37. gxf3 Bd6 38. b7 Ke7 39. Nc5 a5 40. Kg2 Bc7 41. Kf1 g5 42. Ke2 f5 43. Na6 Kd6 44. b8Q Bxb8 45. Nxb8 h5 46. Ke3 e5 47. Na6 g4 48. fxg4 fxg4 49. hxg4 hxg4 50. Ke4 Kc6 51. Nb8+ Kb5 52. Nd7 Kb4 53. Nxe5 Kxb3 54. Nd3 Kc3 55. Nc5 Kc4 56. Na4 Kb4 57. Nb6 Kb5 58. Nd5 1/2-1/2

[Event "SVK-chT4 A21 2122"]
[Site "Slovakia"]
[Date "2022.05.01"]
[Round "5.3"]
[White "Zajicek, Ferdinand"]
[Black "Romanova, Ela"]
[Result "0-1"]
[WhiteElo "1684"]
[BlackElo "1635"]
[PlyCount "102"]
[EventDate "2021.10.17"]
[EventType "team-tourn"]
[EventRounds "11"]
[EventCountry "SVK"]
[SourceTitle "EXT 2024"]
[Source "ChessBase"]
[SourceDate "2023.10.10"]
[SourceVersion "1"]
[SourceVersionDate "2023.10.10"]
[SourceQuality "1"]
[WhiteTeam "Gbely Nafta II"]
[BlackTeam "Skalica II"]
[WhiteTeamCountry "SVK"]
[BlackTeamCountry "SVK"]

1. e4 c5 2. Nf3 Nc6 3. Nc3 g6 4. d4 cxd4 5. Nxd4 Bg7 6. Be3 Nf6 7. Bc4 Qa5 8. 0-0 0-0 9. f4 d6 10. h3 Bd7 11. Nf3 Rfd8 12. Qe1 a6 13. Bd2 Qc5+ 14. Be3 Qxc4 15. Qh4 Nxe4 16. Nxe4 Qxe4 17. Bb6 Bf6 18. Qh6 Re8 19. c3 Bg7 20. Qh4 Qf5 21. Rad1 Qb5 22. Be3 Qh5 23. Qf2 b5 24. Ng5 f6 25. Ne4 b4 26. Kh2 f5 27. Ng3 Qh6 28. Qd2 Be6 29. Ne2 bxc3 30. bxc3 Na5 31. Bf2 Nc4 32. Qc1 Bf7 33. Ng1 e5 34. Bg3 Bf6 35. Nf3 Rad8 36. Rfe1 e4 37. Nd4 e3 38. Rd3 Qg7 39. Nc6 Rc8 40. Nb4 a5 41. Nd5 Bxd5 42. Rxd5 Bxc3 43. Re2 Bd2 44. Qd1 Qb7 45. Rd3 Nb2 46. Qb3+ Qxb3 47. Rxb3 Na4 48. Rb7 Nc3 49. Bh4 Rf8 50. Bg5 Nxe2 51. Bh6 Rf7 0-1

[Event "SVK-chT3A2 2122"]
[Site "Slovakia"]
[Date "2021.10.10"]
[Round "1.5"]
[White "Jancovicova, Petra"]
[Black "Zajicek, Ferdinand"]
[Result "1/2-1/2"]
[WhiteElo "1676"]
[BlackElo "1687"]
[PlyCount "82"]
[EventDate "2021.10.10"]
[EventType "team-tourn"]
[EventRounds "11"]
[EventCountry "SVK"]
[SourceTitle "EXT 2023"]
[Source "ChessBase"]
[SourceDate "2022.10.05"]
[SourceVersion "1"]
[SourceVersionDate "2022.10.05"]
[SourceQuality "1"]
[WhiteTeam "Vrbove"]
[BlackTeam "Gbely Nafta"]
[WhiteTeamCountry "SVK"]
[BlackTeamCountry "SVK"]

1. e4 c5 2. Nf3 Nc6 3. d4 cxd4 4. Nxd4 Nxd4 5. Qxd4 d6 6. Nc3 Nf6 7. Bc4 e5 8. Qd3 Be7 9. Nd5 0-0 10. f3 Be6 11. Be3 Bxd5 12. Bxd5 Qc7 13. g4 a6 14. h4 Rac8 15. 0-0-0 Nxd5 16. exd5 Qc4 17. Qxc4 Rxc4 18. b3 Rc3 19. Rd3 Rxd3 20. cxd3 Rc8+ 21. Kb2 h6 22. b4 f6 23. Rc1 Rxc1 24. Kxc1 f5 25. h5 fxg4 26. fxg4 Kf7 27. Kd2 Bh4 28. Ke2 Kf6 29. Kf3 Be1 30. a3 Bc3 31. Bc1 b5 32. Ke4 Bd4 33. Kf3 Ba1 34. Ke4 Bc3 35. Kf3 a5 36. bxa5 Bxa5 37. Ke4 Bc3 38. Kf3 b4 39. axb4 Bxb4 40. Ke4 Bc5 41. Bd2 Ba3 1/2-1/2

[Event "SVK-chT2A 1819"]
[Site "Slovakia"]
[Date "2019.04.06"]
[Round "10.8"]
[White "Zajicek, Ferdinand"]
[Black "Bednar, Jan"]
[Result "0-1"]
[WhiteElo "1693"]
[BlackElo "2062"]
[PlyCount "90"]
[EventDate "2018.10.13"]
[EventType "team-tourn"]
[EventRounds "11"]
[EventCountry "SVK"]
[SourceTitle "EXT 2020"]
[Source "ChessBase"]
[SourceDate "2019.10.17"]
[SourceVersion "1"]
[SourceVersionDate "2019.10.17"]
[SourceQuality "1"]
[WhiteTeam "Gbely Nafta"]
[BlackTeam "Bratislava Doprastav"]
[WhiteTeamCountry "SVK"]
[BlackTeamCountry "SVK"]

1. e4 c5 2. Nf3 d6 3. d4 cxd4 4. Nxd4 Nf6 5. Nc3 g6 6. Be3 Bg7 7. Qd2 Ng4 8. Nf3 Nxe3 9. Qxe3 Nc6 10. a3 Qa5 11. Rd1 Bxc3+ 12. Qxc3 Qxc3+ 13. bxc3 Bg4 14. Be2 Rc8 15. Rb1 Na5 16. Kd2 0-0 17. Rb4 Rc5 18. Nd4 Bxe2 19. Nxe2 Rfc8 20. Kd3 b6 21. Rhb1 Kg7 22. f4 h5 23. h4 R8c7 24. g3 e5 25. Rb5 f5 26. Rxc5 Rxc5 27. Rb4 d5 28. exd5 Rxd5+ 29. Ke3 b5 30. fxe5 Nc4+ 31. Kf4 a5 32. Rb3 Rxe5 33. Nd4 Re4+ 34. Kf3 Nd2+ 35. Kf2 Nxb3 36. cxb3 b4 37. axb4 axb4 38. Ne2 bxc3 39. Nxc3 Rb4 40. Nd5 Rxb3 41. Ne3 Kf6 42. Ng2 Ke5 43. Nf4 Ke4 44. Nxg6 Rb2+ 45. Ke1 Kf3 0-1

[Event "SVK-chT3A2 1819"]
[Site "Slovakia"]
[Date "2019.02.10"]
[Round "8.3"]
[White "Zajicek, Ferdinand"]
[Black "Svrcek, Daniel"]
[Result "1/2-1/2"]
[WhiteElo "1754"]
[BlackElo "1323"]
[PlyCount "115"]
[EventDate "2018.10.07"]
[EventType "team-tourn"]
[EventRounds "11"]
[EventCountry "SVK"]
[SourceTitle "EXT 2020"]
[Source "ChessBase"]
[SourceDate "2019.10.17"]
[SourceVersion "1"]
[SourceVersionDate "2019.10.17"]
[SourceQuality "1"]
[WhiteTeam "Gbely Nafta II"]
[BlackTeam "Holic"]
[WhiteTeamCountry "SVK"]
[BlackTeamCountry "SVK"]

1. e4 e6 2. Nf3 d5 3. exd5 exd5 4. d4 Nf6 5. Nc3 c6 6. h3 Be7 7. Bd3 0-0 8. 0-0 Be6 9. Re1 Re8 10. Ng5 Bb4 11. Bd2 Nbd7 12. Qf3 Bxc3 13. Bxc3 Nf8 14. Re2 h6 15. Nxe6 Rxe6 16. Rae1 Rxe2 17. Rxe2 Ne6 18. Bf5 Ng5 19. Qe3 Nfe4 20. Bxe4 Nxe4 21. Be1 Qd7 22. f3 Nf6 23. Qe7 Rd8 24. Bh4 Qxe7 25. Rxe7 g5 26. Bg3 Rd7 27. Re3 Kf8 28. Kf2 Ne8 29. h4 Re7 30. hxg5 Rxe3 31. Kxe3 hxg5 32. b3 Ke7 33. a4 Ng7 34. Kd3 Nf5 35. Bf2 Ke6 36. g4 Ne7 37. Be3 f6 38. a5 b6 39. axb6 axb6 40. Kc3 Nc8 41. Kb4 Nd6 42. c4 Nb7 43. Bf2 dxc4 44. bxc4 Kd6 45. Bg3+ Kd7 46. Bb8 Kc8 47. Bg3 Kd7 48. Kc3 Nd6 49. Kb4 Nb7 50. Kc3 Nd6 51. Kd3 b5 52. cxb5 cxb5 53. Kc3 Nc4 54. f4 Ne3 55. fxg5 fxg5 56. Be1 Nxg4 57. Bd2 Nf6 58. Kb4 1/2-1/2

[Event "SVK-chT2A 1718"]
[Site "Slovakia"]
[Date "2018.02.25"]
[Round "9.8"]
[White "Merva, Frantisek"]
[Black "Zajicek, Ferdinand"]
[Result "1-0"]
[WhiteElo "2091"]
[BlackElo "1754"]
[PlyCount "89"]
[EventDate "2017.10.28"]
[EventType "team-tourn"]
[EventRounds "11"]
[EventCountry "SVK"]
[SourceTitle "EXT 2020"]
[Source "ChessBase"]
[SourceDate "2019.10.17"]
[SourceVersion "1"]
[SourceVersionDate "2019.10.17"]
[SourceQuality "1"]
[WhiteTeam "Potonska Veza"]
[BlackTeam "Gbely Nafta"]
[WhiteTeamCountry "SVK"]
[BlackTeamCountry "SVK"]

1. d4 c5 2. e3 cxd4 3. exd4 d5 4. Bd3 Nf6 5. c3 e6 6. Nf3 Nc6 7. 0-0 Be7 8. Nbd2 a6 9. a4 0-0 10. h3 Bd7 11. Ne5 Qc7 12. f4 Ne8 13. Ndf3 f6 14. Nxd7 Qxd7 15. Qe2 f5 16. Re1 Nc7 17. Bd2 Bf6 18. b4 b6 19. Kh1 g6 20. Ng5 Rfe8 21. Qf2 Qg7 22. Nf3 Qd7 23. Ne5 Bxe5 24. fxe5 Nd8 25. Bg5 Rf8 26. Qh4 Rf7 27. g4 Ne8 28. gxf5 exf5 29. Bxd8 Qxd8 30. Qxd8 Rxd8 31. Bxa6 Ra8 32. Bb5 Nc7 33. Bc6 Rb8 34. c4 Rd8 35. a5 bxa5 36. Rxa5 dxc4 37. d5 Re7 38. Rc5 c3 39. b5 c2 40. b6 Nxd5 41. Bxd5+ Kg7 42. b7 Rxd5 43. Rxd5 Rxb7 44. Rc5 Rb1 45. Rg1 1-0

[Event "SVK-chT4 A21 1718"]
[Site "Slovakia"]
[Date "2018.01.14"]
[Round "7.2"]
[White "Zajicek, Ferdinand"]
[Black "Sadlon, Juraj"]
[Result "0-1"]
[WhiteElo "1764"]
[BlackElo "1902"]
[PlyCount "64"]
[EventDate "2017.10.01"]
[EventType "team-tourn"]
[EventRounds "11"]
[EventCountry "SVK"]
[SourceTitle "EXT 2019"]
[Source "ChessBase"]
[SourceDate "2018.10.10"]
[SourceVersion "1"]
[SourceVersionDate "2018.10.10"]
[SourceQuality "1"]
[WhiteTeam "Gbely Nafta III"]
[BlackTeam "Brezova pod Bradlom"]
[WhiteTeamCountry "SVK"]
[BlackTeamCountry "SVK"]

1. e4 d5 2. exd5 Nf6 3. Nc3 Nxd5 4. Nxd5 Qxd5 5. Nf3 Bg4 6. Be2 Nc6 7. h3 Bh5 8. 0-0 e5 9. d3 Bc5 10. Be3 0-0 11. Nh2 Bxe2 12. Qxe2 Bxe3 13. fxe3 f5 14. a3 Rad8 15. Rad1 Qc5 16. Rf2 Rf6 17. c3 g6 18. d4 Qd5 19. Rdf1 exd4 20. exd4 Re6 21. Qf3 Qb3 22. Re2 Nxd4 23. cxd4 Qxf3 24. Nxf3 Rxe2 25. Rf2 Rxf2 26. Kxf2 Kf7 27. Ke3 Kf6 28. Kd3 c5 29. Kc4 cxd4 30. Nxd4 Ke5 31. Nf3+ Kf4 32. b4 Kg3 0-1

[Event "SVK-chT5 1718"]
[Site "Slovakia"]
[Date "2017.12.02"]
[Round "4"]
[White "Datko, Jan"]
[Black "Zajicek, Ferdinand"]
[Result "0-1"]
[WhiteElo "1197"]
[BlackElo "1754"]
[PlyCount "94"]
[EventDate "2017.10.21"]
[EventType "team-tourn"]
[EventRounds "9"]
[EventCountry "SVK"]
[SourceTitle "EXT 2019"]
[Source "ChessBase"]
[SourceDate "2018.10.10"]
[SourceVersion "1"]
[SourceVersionDate "2018.10.10"]
[SourceQuality "1"]
[WhiteTeam "Holic III"]
[BlackTeam "Gbely Nafta IV"]
[WhiteTeamCountry "SVK"]
[BlackTeamCountry "SVK"]

1. e4 c5 2. Bc4 Nc6 3. Nf3 e6 4. Nc3 Bd6 5. d3 a6 6. a3 Ne5 7. Be3 b5 8. Ba2 Qc7 9. Nxe5 Bxe5 10. g3 Bb7 11. f4 Bxc3+ 12. bxc3 Qa5 13. Bd2 Nf6 14. c4 Qb6 15. Rb1 0-0 16. 0-0 Qc6 17. Qf3 Rab8 18. Bc3 Ne8 19. f5 f6 20. h4 Kh8 21. g4 Nd6 22. fxe6 dxe6 23. cxb5 Nxb5 24. Ba1 Nd4 25. Qf2 Qd7 26. c3 Nc6 27. d4 cxd4 28. cxd4 Ne7 29. e5 fxe5 30. Qxf8+ Rxf8 31. Rxf8+ Ng8 32. Rxb7 Qxb7 33. Bxe6 h6 34. Rxg8+ Kh7 35. Bc3 Qb1+ 36. Kf2 Qc2+ 37. Ke3 Qxc3+ 38. Ke4 Qxd4+ 39. Kf3 e4+ 40. Kg3 Qd6+ 41. Kh3 Qxe6 42. Rf8 e3 43. Rf1 Qb3 44. Kg2 Qxa3 45. Kf3 a5 46. Re1 a4 47. Rxe3 Qxe3+ 0-1

[Event "SVK-chT3A2 1718"]
[Site "Slovakia"]
[Date "2017.10.22"]
[Round "2.5"]
[White "Jancovicova, Petra"]
[Black "Zajicek, Ferdinand"]
[Result "1-0"]
[WhiteElo "1686"]
[BlackElo "1806"]
[PlyCount "59"]
[EventDate "2017.10.08"]
[EventType "team-tourn"]
[EventRounds "11"]
[EventCountry "SVK"]
[SourceTitle "EXT 2020"]
[Source "ChessBase"]
[SourceDate "2019.10.17"]
[SourceVersion "1"]
[SourceVersionDate "2019.10.17"]
[SourceQuality "1"]
[WhiteTeam "Vrbove"]
[BlackTeam "Gbely Nafta II"]
[WhiteTeamCountry "SVK"]
[BlackTeamCountry "SVK"]

1. e4 c5 2. Nf3 Nc6 3. d4 cxd4 4. Nxd4 Nf6 5. Nc3 d6 6. Be2 g6 7. Be3 Bg7 8. 0-0 0-0 9. h3 a6 10. f4 Qb6 11. Na4 Qb4 12. c3 Qa5 13. Nxc6 Qc7 14. Nb4 Nxe4 15. Nd5 Qd8 16. Bb6 Qd7 17. Bc7 Ra7 18. Nab6 Qe6 19. Bb8 Ng3 20. Bg4 Qe4 21. Re1 Bxg4 22. hxg4 Rxb8 23. Rxe4 Nxe4 24. Nxe7+ Kf8 25. Qe2 Nxc3 26. bxc3 Bxc3 27. Rd1 Re8 28. Nd7+ Kg7 29. Nf5+ gxf5 30. Qxe8 1-0

[Event "SVK-chT3A2 1718"]
[Site "Slovakia"]
[Date "2017.10.08"]
[Round "1.2"]
[White "Zajicek, Ferdinand"]
[Black "Gajarsky, Julius"]
[Result "1-0"]
[WhiteElo "1806"]
[BlackElo "1730"]
[PlyCount "145"]
[EventDate "2017.10.08"]
[EventType "team-tourn"]
[EventRounds "11"]
[EventCountry "SVK"]
[SourceTitle "EXT 2020"]
[Source "ChessBase"]
[SourceDate "2019.10.17"]
[SourceVersion "1"]
[SourceVersionDate "2019.10.17"]
[SourceQuality "1"]
[WhiteTeam "Gbely Nafta II"]
[BlackTeam "Modranka Komplet"]
[WhiteTeamCountry "SVK"]
[BlackTeamCountry "SVK"]

1. e4 c5 2. Nf3 d6 3. Nc3 Nc6 4. d4 cxd4 5. Nxd4 a6 6. Be3 Nf6 7. a3 e5 8. Nf3 Be7 9. Be2 0-0 10. 0-0 b5 11. Qd2 Bb7 12. Bg5 Ng4 13. Bxe7 Nxe7 14. Rad1 Nf6 15. Qxd6 Qxd6 16. Rxd6 Nxe4 17. Nxe4 Bxe4 18. Nxe5 Bxc2 19. Rc1 Nf5 20. Rd7 Bb3 21. Bd3 Be6 22. Bxf5 Bxf5 23. Re7 Rfe8 24. Rcc7 Rxe7 25. Rxe7 f6 26. g4 Bc2 27. Nf3 Kf8 28. Rc7 Bd1 29. Kg2 Bb3 30. Kg3 Rb8 31. Nd4 Bd5 32. Nf5 g6 33. Ne3 Bg8 34. Rc6 b4 35. Rxf6+ Ke7 36. Rxa6 b3 37. Rc6 Rd8 38. Rc7+ Kd6 39. Rc3 Ke5 40. Rc1 Rd3 41. Kf3 Rd4 42. Re1 Kf6 43. Rd1 Ra4 44. Nd5+ Ke5 45. Nb4 Ra8 46. h3 Rf8+ 47. Ke3 Re8 48. Rd2 h5 49. Kf3 Rf8+ 50. Ke3 hxg4 51. hxg4 Rc8 52. f4+ Ke6 53. Rd3 Kf6 54. Rd6+ Kf7 55. Nc6 Rc7 56. Kd4 Kg7 57. g5 Bf7 58. a4 Be8 59. Kc5 Rf7 60. Rd4 Rf5+ 61. Kb6 Rf7 62. a5 Rf5 63. Ne5 Kg8 64. a6 Rf8 65. a7 Bf7 66. Nxf7 Kxf7 67. Kb7 Ke6 68. a8Q Rf7+ 69. Kb6 Rf8 70. Qe4+ Kf7 71. Rd7+ Kg8 72. Qe6+ Kh8 73. Qe5+ 1-0

[Event "SVK-chT4 A21 1617"]
[Site "Slovakia"]
[Date "2017.02.26"]
[Round "10.5"]
[White "Zajicek, Ferdinand"]
[Black "Bjel, Jan"]
[Result "1/2-1/2"]
[WhiteElo "1796"]
[BlackElo "1821"]
[PlyCount "113"]
[EventDate "2016.10.09"]
[EventType "team-tourn"]
[EventRounds "11"]
[EventCountry "SVK"]
[SourceTitle "EXT 2020"]
[Source "ChessBase"]
[SourceDate "2019.10.17"]
[SourceVersion "1"]
[SourceVersionDate "2019.10.17"]
[SourceQuality "1"]
[WhiteTeam "Gbely Nafta II"]
[BlackTeam "Vrbove"]
[WhiteTeamCountry "SVK"]
[BlackTeamCountry "SVK"]

1. e4 e5 2. Nf3 Nc6 3. Bc4 d6 4. h3 Be7 5. a3 Nf6 6. Nc3 0-0 7. d3 Nd4 8. Be3 c5 9. Bxd4 cxd4 10. Ne2 a6 11. c3 dxc3 12. Nxc3 b5 13. Ba2 Bb7 14. 0-0 Qb6 15. Qb3 h6 16. Rac1 Rac8 17. Rc2 Nd7 18. Rcc1 Kh8 19. Nd5 Qd8 20. Rxc8 Bxc8 21. Rc1 Nf6 22. Qc2 Be6 23. Qc6 Nxd5 24. Bxd5 Bxd5 25. Qxd5 Qb8 26. Qc6 Qa7 27. Qc7 Ra8 28. Rc6 g6 29. Qxa7 Rxa7 30. g3 Kg7 31. h4 Kf6 32. Ne1 Ke6 33. Nc2 Kd7 34. Rc3 Bd8 35. Ne3 Bb6 36. Nd5 Bd4 37. Rc2 f5 38. Kg2 fxe4 39. dxe4 a5 40. f4 exf4 41. Nxf4 g5 42. hxg5 hxg5 43. Ne2 Be5 44. b3 a4 45. b4 g4 46. Kf2 Rc7 47. Rd2 Ke6 48. Ke3 Rf7 49. Nf4+ Bxf4+ 50. gxf4 Rh7 51. f5+ Ke7 52. Kf4 Rh3 53. Kxg4 Rxa3 54. Rd5 Rb3 55. Rxb5 a3 56. Ra5 Rxb4 57. Rxa3 1/2-1/2

[Event "SVK-chT4 A21 1617"]
[Site "Slovakia"]
[Date "2016.12.18"]
[Round "6.4"]
[White "Drozd, Jan"]
[Black "Zajicek, Ferdinand"]
[Result "0-1"]
[WhiteElo "1562"]
[BlackElo "1788"]
[PlyCount "92"]
[EventDate "2016.10.09"]
[EventType "team-tourn"]
[EventRounds "11"]
[EventCountry "SVK"]
[SourceTitle "EXT 2018"]
[Source "ChessBase"]
[SourceDate "2017.10.13"]
[SourceVersion "1"]
[SourceVersionDate "2017.10.13"]
[SourceQuality "1"]
[WhiteTeam "Senica CVC II"]
[BlackTeam "Gbely Nafta II"]
[WhiteTeamCountry "SVK"]
[BlackTeamCountry "SVK"]

1. d4 c5 2. e3 cxd4 3. exd4 d5 4. Nf3 Nf6 5. c4 dxc4 6. Bxc4 Bg4 7. Be2 g6 8. 0-0 Bg7 9. Nc3 0-0 10. h3 Bxf3 11. Bxf3 Qd7 12. Be3 Rd8 13. Qd2 Nc6 14. Bxc6 Qxc6 15. Rac1 Ne4 16. Nxe4 Qxe4 17. Rfd1 Qd5 18. b3 b6 19. Qb4 Rd7 20. Qc4 Rad8 21. Qxd5 Rxd5 22. Rc7 R8d7 23. Rc8+ Bf8 24. Bh6 Rd8 25. Rxd8 Rxd8 26. Bxf8 Kxf8 27. Kf1 e5 28. d5 Ke7 29. Ke2 f5 30. Ke3 Kd6 31. Rc1 Rd7 32. Rd1 Kc5 33. f4 Rxd5 34. b4+ Kd6 35. fxe5+ Kxe5 36. Rxd5+ Kxd5 37. Kd3 g5 38. g3 h5 39. a3 f4 40. gxf4 gxf4 41. h4 b5 42. Ke2 Ke4 43. Kf2 f3 44. Kf1 Kf4 45. Kf2 Kg4 46. Ke3 Kg3 0-1

[Event "SVK-chT4 A21 1617"]
[Site "Slovakia"]
[Date "2016.10.23"]
[Round "2.3"]
[White "Zajicek, Ferdinand"]
[Black "Kovarik, Otto"]
[Result "1-0"]
[WhiteElo "1760"]
[BlackElo "1793"]
[PlyCount "111"]
[EventDate "2016.10.09"]
[EventType "team-tourn"]
[EventRounds "11"]
[EventCountry "SVK"]
[SourceTitle "CBM 175 Extra"]
[Source "ChessBase"]
[SourceDate "2016.12.12"]
[SourceVersion "1"]
[SourceVersionDate "2016.12.12"]
[SourceQuality "1"]
[WhiteTeam "Gbely Nafta II"]
[BlackTeam "Holic II"]
[WhiteTeamCountry "SVK"]
[BlackTeamCountry "SVK"]

1. e4 c5 2. Nf3 e6 3. Nc3 Nc6 4. Bc4 a6 5. a3 b5 6. d3 bxc4 7. dxc4 d6 8. Bg5 Be7 9. Qd2 Nf6 10. Rd1 0-0 11. 0-0 h6 12. Bxf6 Bxf6 13. Qxd6 Nd4 14. Qxc5 Nxf3+ 15. gxf3 Qe7 16. Qxe7 Bxe7 17. Na4 Rb8 18. b4 Rd8 19. Rxd8+ Bxd8 20. Rd1 Bb7 21. Nc5 Be7 22. Nb3 Bc6 23. Na5 Be8 24. c5 Rc8 25. e5 Bd8 26. Nc4 Bc7 27. f4 Bc6 28. Nd6 Rd8 29. h4 a5 30. c3 Kf8 31. Rd4 Rb8 32. Kh2 f6 33. Kg3 Ke7 34. Kg4 g6 35. h5 g5 36. fxg5 fxg5 37. f4 gxf4 38. Kxf4 Rf8+ 39. Kg4 Bf3+ 40. Kh4 Bxd6 41. cxd6+ Kd7 42. c4 Rf5 43. c5 axb4 44. axb4 Rxe5 45. Rf4 Rf5 46. Kg3 Rxf4 47. Kxf4 Bxh5 48. b5 Be8 49. Ke5 Kc8 50. c6 h5 51. Kxe6 h4 52. d7+ Bxd7+ 53. cxd7+ Kd8 54. b6 h3 55. b7 Kc7 56. d8Q+ 1-0